[Event "Rated Blitz game"]
[Site "?"]
[Date "2021.01.11"]
[Round "?"]
[White "FallschirmSpringer"]
[Black "sanju1996d"]
[Result "1-0"]
[WhiteElo "2454"]
[BlackElo "2328"]
[PlyCount "113"]
[EventDate "2021.??.??"]
[EventType "blitz"]
[TimeControl "180"]

1. e4 e5 2. Nf3 Nc6 3. Nc3 Nf6 4. Nxe5 Nxe5 5. d4 Ng6 6. e5 Bb4 7. exf6 Qxf6 8.
Qe2+ Qe7 9. Bd2 c6 10. O-O-O d5 11. g3 O-O 12. f4 Qf6 13. Qf2 Re8 14. Kb1 Bf5
15. Nxd5 cxd5 16. Bxb4 Be4 17. Rg1 a5 18. Ba3 Rec8 19. Bd3 b5 20. Bc5 Bxd3 21.
Rxd3 Ne7 22. Bxe7 Qxe7 23. Re1 Qc7 24. Rde3 h6 25. f5 Ra6 26. Qe2 Rc6 27. Rc1
b4 28. Qd3 a4 29. Re2 b3 30. a3 Rc4 31. c3 Qd6 32. Rce1 Qf6 33. Re5 Qd6 34. Rc1
f6 35. Re6 Qc7 36. Qe3 Kh7 37. h4 Qb7 38. g4 Qf7 39. g5 fxg5 40. hxg5 Qxf5+ 41.
Ka1 Qxg5 42. Qxg5 hxg5 43. Rh1+ Kg8 44. Re5 Rf8 45. Rxg5 Rf2 46. Rhg1 Rc7 47.
Rxd5 Re7 48. Rb1 Ree2 49. Rd8+ Kf7 50. Rd7+ Kf6 51. Rc7 Kf5 52. Rxg7 Ke4 53.
Re7+ Kd3 54. Rxe2 Rxe2 55. d5 Kc4 56. Rd1 Rd2 57. Rxd2 {Normal} 1-0

[Event "Rated Blitz game"]
[Site "?"]
[Date "2021.01.11"]
[Round "?"]
[White "shuriks91"]
[Black "ChessHobbits99"]
[Result "1-0"]
[WhiteElo "2625"]
[BlackElo "2496"]
[PlyCount "55"]
[EventDate "2021.??.??"]
[EventType "blitz"]
[TimeControl "180"]

1. e4 e5 2. Nf3 Nf6 3. Nc3 Nc6 4. Nxe5 Bc5 5. Nd3 Bd4 6. g3 O-O 7. Bg2 d5 8.
O-O Bxc3 9. dxc3 dxe4 10. Nf4 Bg4 11. Qxd8 Raxd8 12. Be3 g5 13. Nh3 h6 14. Kh1
Rd7 15. Ng1 Rfd8 16. f3 exf3 17. Nxf3 Bxf3 18. Bxf3 Nd5 19. Bg1 Ne5 20. Be4 Nc4
21. Bf5 Re7 22. Bc5 Re2 23. Bd3 Nd2 24. Bxe2 Nxf1 25. Rxf1 b6 26. Bg1 Kg7 27.
Bd4+ f6 28. Bc4 {Normal} 1-0

[Event "Rated Blitz game"]
[Site "?"]
[Date "2021.01.11"]
[Round "?"]
[White "MityshevS"]
[Black "Shaginyan_A"]
[Result "0-1"]
[WhiteElo "2352"]
[BlackElo "2459"]
[PlyCount "102"]
[EventDate "2021.??.??"]
[EventType "blitz"]
[TimeControl "180"]

1. e4 e5 2. Nf3 Nf6 3. Nc3 Nc6 4. Nxe5 Nxe5 5. d4 Nc6 6. e5 d6 7. exf6 Qxf6 8.
Be3 Bf5 9. Nd5 Qd8 10. Bb5 Be7 11. Nxe7 Qxe7 12. d5 a6 13. Ba4 Qe4 14. dxc6
Qxa4 15. cxb7 Rb8 16. Qf3 Qe4 17. Qg3 O-O 18. O-O Rxb7 19. b3 Qxc2 20. Rfc1 Qe4
21. Rc4 Qe6 22. Rac1 c5 23. h3 Bg6 24. Rd1 Rd7 25. Bf4 Rfd8 26. Qf3 h6 27. Qg3
Qe2 28. Rd2 Qe6 29. Qf3 Qf5 30. Re2 Qb1+ 31. Rc1 Qf5 32. Rd2 Qf6 33. Qg3 d5 34.
Rxc5 d4 35. Rc4 d3 36. Be5 Qe6 37. Kh2 Rd5 38. Bf4 Rd4 39. Rc7 Qf5 40. Be3 R4d6
41. Ra7 Qe4 42. Qf3 Qb4 43. Re7 Rf6 44. Qe4 Bxe4 45. Rxe4 Qxe4 46. g3 Re8 47.
Kg1 Rd6 48. Kf1 Qf3 49. Ke1 Rxe3+ 50. fxe3 Qxe3+ 51. Kd1 Qg1# {Normal} 0-1

[Event "Rated Blitz tournament bZ3vyaLy"]
[Site "?"]
[Date "2021.01.11"]
[Round "?"]
[White "kiborg2007"]
[Black "ivanttip"]
[Result "0-1"]
[WhiteElo "2490"]
[BlackElo "2389"]
[PlyCount "88"]
[EventDate "2021.??.??"]
[EventType "blitz"]
[TimeControl "180"]

1. e4 e5 2. Nf3 Nc6 3. Nc3 Nf6 4. Nxe5 Nxe5 5. d4 d6 6. dxe5 dxe5 7. Qxd8+ Kxd8
8. f4 Bd6 9. f5 c6 10. Bg5 Kc7 11. Bxf6 gxf6 12. Bc4 Rf8 13. O-O-O b5 14. Bb3
a5 15. a3 b4 16. axb4 axb4 17. Ne2 Bc5 18. c3 Ba6 19. c4 Bb7 20. Ng3 Rg8 21.
Rhe1 Bf2 22. Re2 Bxg3 23. hxg3 Rxg3 24. Kc2 c5 25. Rh1 Rg7 26. Rh6 Ra6 27. Kd2
Rd6+ 28. Ke1 Rd4 29. Rxf6 Rxe4 30. Rxe4 Bxe4 31. g4 Kd7 32. Rh6 Rxg4 33. Rxh7
Ke7 34. Rh8 Bxf5 35. Rb8 Bd7 36. Rb7 Kd6 37. Rb6+ Kc7 38. Rf6 Rf4 39. Ra6 Rf3
40. Ba4 Bxa4 41. Rxa4 e4 42. Ke2 Rd3 43. Ra5 Kd6 44. Ra6+ Ke5 {Normal} 0-1

[Event "Rated Blitz tournament bZ3vyaLy"]
[Site "?"]
[Date "2021.01.11"]
[Round "?"]
[White "kiborg2007"]
[Black "Bilych"]
[Result "1-0"]
[WhiteElo "2474"]
[BlackElo "2319"]
[PlyCount "133"]
[EventDate "2021.??.??"]
[EventType "blitz"]
[TimeControl "180"]

1. e4 e5 2. Nf3 Nc6 3. Nc3 Nf6 4. Nxe5 Nxe5 5. d4 Bb4 6. dxe5 Nxe4 7. Qg4 d5 8.
Qxg7 Rf8 9. Bh6 Nxc3 10. bxc3 Bxc3+ 11. Kd1 Qe7 12. Rb1 Bxe5 13. Qxf8+ Qxf8 14.
Bxf8 Kxf8 15. Bd3 c6 16. Bxh7 Bd6 17. Re1 b5 18. a4 a6 19. axb5 axb5 20. Bd3
Be6 21. h3 Ke7 22. g3 Kd7 23. g4 b4 24. Bf5 c5 25. Kd2 Bf4+ 26. Kd3 Kd6 27.
Bxe6 fxe6 28. Ke2 Ra2 29. Kf3 Be5 30. Re2 Bd4 31. g5 c4 32. g6 b3 33. cxb3 Ra3
34. Rbe1 Rxb3+ 35. Kg2 e5 36. g7 Rb8 37. Rb1 Rg8 38. Rb7 e4 39. f3 Bxg7 40.
fxe4 Be5+ 41. Kf1 d4 42. Rb5 d3 43. Rd5+ Ke6 44. Ra2 Bf4 45. Ra6+ Ke7 46. Rc6
d2 47. Rxc4 Rb8 48. Ke2 Rb1 49. Rcd4 Re1+ 50. Kf3 Rf1+ 51. Kg4 Be3 52. Rd3 Re1
53. e5 Ke6 54. Kf3 Bh6 55. Kg4 Rg1+ 56. Kf3 Bf4 57. Kxf4 Rf1+ 58. Ke4 Rh1 59.
Kd4 Ke7 60. Rxd2 Kf7 61. Rd6 Ke7 62. Rf6 Ke8 63. Kd5 Ke7 64. Rd4 Rxh3 65. Rg4
Rf3 66. Rgg6 Rf4 67. Rg7+ {Time forfeit} 1-0

[Event "Rated Blitz tournament bZ3vyaLy"]
[Site "?"]
[Date "2021.01.11"]
[Round "?"]
[White "kiborg2007"]
[Black "PowerThinking2650"]
[Result "1-0"]
[WhiteElo "2474"]
[BlackElo "2354"]
[PlyCount "101"]
[EventDate "2021.??.??"]
[EventType "blitz"]
[TimeControl "180"]

1. e4 e5 2. Nf3 Nc6 3. Nc3 Nf6 4. Nxe5 Nxe5 5. d4 Ng6 6. e5 Ng8 7. Bc4 d5 8.
Bxd5 c6 9. Bb3 Bb4 10. O-O Bxc3 11. bxc3 N8e7 12. f4 h5 13. a4 Bf5 14. Ba3 h4
15. c4 Qd7 16. d5 h3 17. d6 hxg2 18. Rf2 Ng8 19. c5 Nh6 20. Qd4 Ng4 21. Rxg2
Nh4 22. Rg3 Nxh2 23. e6 fxe6 24. Qxg7 N2f3+ 25. Kf2 O-O-O 26. Qxd7+ Rxd7 27.
Rxf3 Nxf3 28. Kxf3 Rh2 29. Rg1 Rdh7 30. Rg8+ Kd7 31. Ke3 R7h3+ 32. Kd4 Rd2+ 33.
Ke5 Rh6 34. Rg7+ Ke8 35. Rxb7 Re2+ 36. Kd4 Re4+ 37. Kc3 Rh3+ 38. Kb2 a5 39.
Re7+ Kf8 40. Rc7 Rd4 41. Rxc6 Be4 42. Rc7 Bd5 43. d7 Ke7 44. c6+ Rb4 45. Bxb4+
axb4 46. Rc8 Rh8 47. Rxh8 Bxc6 48. d8=Q+ Kf7 49. Rf8+ Kg6 50. Qf6+ Kh5 51. Qg5#
{Normal} 1-0

[Event "Rated Blitz game"]
[Site "?"]
[Date "2021.01.10"]
[Round "?"]
[White "Diring_E"]
[Black "Todorovic1991"]
[Result "1-0"]
[WhiteElo "2569"]
[BlackElo "2534"]
[PlyCount "117"]
[EventDate "2021.??.??"]
[EventType "blitz"]
[TimeControl "180+2"]

1. e4 e5 2. Nf3 Nc6 3. Nc3 Nf6 4. Nxe5 Nxe5 5. d4 Nc6 6. d5 Nb8 7. e5 Bb4 8.
exf6 Qxf6 9. Bd2 O-O 10. Be2 d6 11. a3 Ba5 12. O-O Bb6 13. Bd3 Bf5 14. Qf3 Bxd3
15. Qxf6 gxf6 16. cxd3 Nd7 17. Ne4 Kg7 18. Rac1 f5 19. Ng3 Kg6 20. a4 a5 21.
Rc4 Rfe8 22. Rh4 Re5 23. Rh6+ Kg7 24. Nh5+ Kg8 25. Bc3 Rxd5 26. Nf4 Re5 27. d4
Re4 28. Nd5 Re6 29. Rh5 c6 30. Nf4 Re4 31. Rg5+ Kf8 32. Rxf5 d5 33. Nh5 Rae8
34. Ng3 R4e6 35. Nh5 Rg6 36. g3 Re4 37. Rd1 Bc7 38. h4 f6 39. Kf1 Kf7 40. f3
Re8 41. Kf2 Nf8 42. g4 Nd7 43. g5 Re6 44. f4 Kg8 45. Kf3 h6 46. Rg1 hxg5 47.
hxg5 fxg5 48. fxg5 Re8 49. Nf6+ Nxf6 50. Rxf6 Rxf6+ 51. gxf6+ Kf8 52. Kg4 Re2
53. Kf5 Bd8 54. Rg6 Kf7 55. Rg7+ Kf8 56. Rxb7 Rf2+ 57. Ke6 Rxf6+ 58. Kd7 Rf7+
59. Kxc6 {Normal} 1-0

[Event "Rated Blitz game"]
[Site "?"]
[Date "2021.01.10"]
[Round "?"]
[White "FallschirmSpringer"]
[Black "Rubyjunior"]
[Result "1-0"]
[WhiteElo "2469"]
[BlackElo "2379"]
[PlyCount "51"]
[EventDate "2021.??.??"]
[EventType "blitz"]
[TimeControl "180"]

1. e4 e5 2. Nf3 Nc6 3. Nc3 Nf6 4. Nxe5 Nxe5 5. d4 Ng6 6. e5 Ng8 7. Bc4 d5 8.
Bxd5 N8e7 9. Bg5 h6 10. Qf3 Be6 11. Bxb7 hxg5 12. Bxa8 Qxd4 13. O-O Nxe5 14.
Qb7 Qh4 15. h3 Nc8 16. Qb5+ Nd7 17. Bc6 Bd6 18. Rae1 Kd8 19. Rxe6 fxe6 20. Bxd7
Nb6 21. Bxe6 Qf4 22. g3 Qf3 23. Bg4 Qf6 24. Nd5 Qe5 25. c4 Nxd5 26. Qd7# {
Normal} 1-0

[Event "Rated Blitz tournament tTKHqcSO"]
[Site "?"]
[Date "2021.01.10"]
[Round "?"]
[White "Henry940622"]
[Black "Flo_55"]
[Result "1-0"]
[WhiteElo "2256"]
[BlackElo "2490"]
[PlyCount "73"]
[EventDate "2021.??.??"]
[EventType "blitz"]
[TimeControl "300"]

1. e4 e5 2. Nf3 Nc6 3. Nc3 Nf6 4. Nxe5 Nxe5 5. d4 Nc6 6. d5 Bb4 7. dxc6 bxc6 8.
Bd3 O-O 9. O-O d5 10. exd5 cxd5 11. Bg5 c6 12. Qf3 Bd6 13. Bf5 Bxf5 14. Qxf5
Rb8 15. b3 Re8 16. Bxf6 Qxf6 17. Qxf6 gxf6 18. Na4 Re2 19. c3 Rbe8 20. g3 f5
21. b4 Kg7 22. a3 Kf6 23. Kg2 h5 24. h4 f4 25. Kh3 f3 26. g4 R8e4 27. gxh5 Rf4
28. Rae1 Kf5 29. Nc5 Bxc5 30. bxc5 Rfe4 31. Rb1 Rc4 32. Rb4 Rxc3 33. Kg3 Rxa3
34. Rf4+ Ke6 35. h6 Re5 36. h7 Rh5 37. Re1+ {Normal} 1-0

[Event "Rated Blitz tournament zTSq1Izt"]
[Site "?"]
[Date "2021.01.10"]
[Round "?"]
[White "Pepeoutai"]
[Black "Sammalvuo"]
[Result "0-1"]
[WhiteElo "2415"]
[BlackElo "2551"]
[PlyCount "54"]
[EventDate "2021.??.??"]
[EventType "blitz"]
[TimeControl "180+1"]

1. e4 e5 2. Nf3 Nc6 3. Nc3 Nf6 4. Nxe5 Nxe5 5. d4 d6 6. dxe5 dxe5 7. Qxd8+ Kxd8
8. Bc4 Bb4 9. Bg5 Ke7 10. O-O c6 11. f4 Bd6 12. Rad1 Be6 13. Bxe6 fxe6 14.
Bxf6+ gxf6 15. f5 Bc5+ 16. Kh1 Bd4 17. Rd3 Rad8 18. Rg3 exf5 19. exf5 Rhg8 20.
Rh3 Rg7 21. Ne4 Bxb2 22. Nc5 Rd2 23. g4 Rxc2 24. Ne6 Rxg4 25. Rxh7+ Kd6 26.
Rd1+ Bd4 27. Rxb7 Rh4 {Normal} 0-1

[Event "Rated Blitz game"]
[Site "?"]
[Date "2021.01.10"]
[Round "?"]
[White "Smetanov_N"]
[Black "Ashtangi"]
[Result "0-1"]
[WhiteElo "2338"]
[BlackElo "2410"]
[PlyCount "38"]
[EventDate "2021.??.??"]
[EventType "blitz"]
[TimeControl "180+2"]

1. e4 e5 2. Nf3 Nc6 3. Nc3 Nf6 4. Nxe5 Nxe5 5. d4 Nc6 6. d5 Bb4 7. dxc6 Bxc3+
8. bxc3 Nxe4 9. cxd7+ Bxd7 10. Bd3 Bc6 11. Ba3 Qd5 12. Qg4 f5 13. Qxg7 O-O-O
14. Qd4 Qg8 15. Qxa7 Qxg2 16. O-O-O Nd6 17. Rhg1 Qxh2 18. Rg7 Qh6+ 19. f4 Qxg7
{Normal} 0-1

[Event "Rated Blitz game"]
[Site "?"]
[Date "2021.01.09"]
[Round "?"]
[White "Ebuhurejra"]
[Black "DiogenesSinopeus"]
[Result "0-1"]
[WhiteElo "2352"]
[BlackElo "2492"]
[PlyCount "54"]
[EventDate "2021.??.??"]
[EventType "blitz"]
[TimeControl "180"]

1. e4 e5 2. Nf3 Nc6 3. Nc3 Nf6 4. Nxe5 Nxe5 5. d4 Ng6 6. e5 Ng8 7. Bc4 d5 8.
Bxd5 c6 9. Bb3 Be6 10. Bxe6 fxe6 11. O-O Bb4 12. Ne4 Nh6 13. c3 Be7 14. Qh5 O-O
15. Bxh6 gxh6 16. Qxh6 Rf5 17. Qe3 Qf8 18. Ng3 Bg5 19. Qd3 Rf7 20. Rae1 Re8 21.
Ne4 Nf4 22. Qg3 Rg7 23. Nxg5 h6 24. Re4 hxg5 25. h4 Qf5 26. Qf3 Rf8 27. g3 Nh3+
{Normal} 0-1

[Event "Rated Blitz game"]
[Site "?"]
[Date "2021.01.09"]
[Round "?"]
[White "Diring_E"]
[Black "kiborg2007"]
[Result "1-0"]
[WhiteElo "2546"]
[BlackElo "2477"]
[PlyCount "49"]
[EventDate "2021.??.??"]
[EventType "blitz"]
[TimeControl "180"]

1. e4 e5 2. Nf3 Nc6 3. Nc3 Nf6 4. Nxe5 Nxe5 5. d4 Ng6 6. e5 Bb4 7. exf6 Qxf6 8.
Qe2+ Ne7 9. Bd2 O-O 10. O-O-O d5 11. h4 Qxd4 12. Bg5 Qc5 13. Nb5 f6 14. Bf4 Ba5
15. a3 a6 16. Nd4 Nc6 17. Nb3 Qa7 18. Nxa5 Nxa5 19. Rxd5 Nc6 20. Bxc7 b5 21.
Bf4 Bb7 22. Qe6+ Kh8 23. Rd7 Qb6 24. Bd3 Qxf2 25. Qf5 {Normal} 1-0

[Event "Rated Blitz tournament 6HwxXWIy"]
[Site "?"]
[Date "2021.01.09"]
[Round "?"]
[White "vladlitus"]
[Black "TemirlanKo"]
[Result "1-0"]
[WhiteElo "2409"]
[BlackElo "2384"]
[PlyCount "87"]
[EventDate "2021.??.??"]
[EventType "blitz"]
[TimeControl "180"]

1. e4 e5 2. Nc3 Nc6 3. Nf3 Nf6 4. Nxe5 Nxe5 5. d4 Ng6 6. e5 Ng8 7. Bc4 Bb4 8.
Qf3 Bxc3+ 9. bxc3 Qe7 10. O-O h6 11. g3 Qf8 12. Qh5 N8e7 13. Ba3 b6 14. f4 Qg8
15. f5 Nf8 16. f6 g6 17. Qf3 Nc6 18. h4 Bb7 19. Bd5 O-O-O 20. g4 Ne6 21. Rad1
g5 22. h5 Nf4 23. Be4 Na5 24. Bxb7+ Nxb7 25. Be7 Re8 26. c4 Qh7 27. Rd2 Rxe7
28. fxe7 Re8 29. a4 Rxe7 30. a5 bxa5 31. Rb1 c6 32. Qb3 d6 33. exd6 Nxd6 34.
Qb8+ Kd7 35. Qxa7+ Ke6 36. Re1+ Ne4 37. Qxa5 Kf6 38. Rh2 Kg7 39. d5 cxd5 40.
cxd5 Nf6 41. Rxe7 N6xd5 42. Qa1+ Kf8 43. Re1 Qg7 44. Qa8# {Normal} 1-0

[Event "Rated Blitz game"]
[Site "?"]
[Date "2021.01.09"]
[Round "?"]
[White "kahvitauko"]
[Black "Prayer791"]
[Result "1-0"]
[WhiteElo "2409"]
[BlackElo "2565"]
[PlyCount "75"]
[EventDate "2021.??.??"]
[EventType "blitz"]
[TimeControl "180"]

1. e4 e5 2. Nf3 Nf6 3. Nc3 Nc6 4. Nxe5 Nxe5 5. d4 Ng6 6. e5 Ng8 7. Bc4 d5 8.
Bxd5 c6 9. Be4 f6 10. Qh5 Kf7 11. Bxg6+ hxg6 12. Qxh8 Nh6 13. Bxh6 gxh6 14.
Qxf6+ Qxf6 15. exf6 Kxf6 16. Ne4+ Kg7 17. O-O-O Bf5 18. f3 Rd8 19. g4 Be6 20.
a3 b6 21. Rhe1 Bd5 22. Re3 g5 23. Ng3 Kg6 24. Rde1 Bd6 25. Nh5 Rf8 26. Re6+
Bxe6 27. Rxe6+ Kh7 28. Rxd6 Rxf3 29. Rf6 Rh3 30. Rf2 Re3 31. Kd2 Re6 32. Rf6
Re4 33. Rd6 Kh8 34. h3 c5 35. dxc5 bxc5 36. Rd7 a5 37. Nf6 Re6 38. Rh7# {Normal
} 1-0

[Event "Rated Blitz game"]
[Site "?"]
[Date "2021.01.09"]
[Round "?"]
[White "kiborg2007"]
[Black "DrMamaliga"]
[Result "1-0"]
[WhiteElo "2470"]
[BlackElo "2202"]
[PlyCount "111"]
[EventDate "2021.??.??"]
[EventType "blitz"]
[TimeControl "180"]

1. e4 e5 2. Nf3 Nc6 3. Nc3 Nf6 4. Nxe5 Nxe5 5. d4 Nc6 6. d5 Be7 7. dxc6 bxc6 8.
Bd3 O-O 9. O-O d5 10. e5 Nd7 11. Re1 Re8 12. Bf4 Bb4 13. e6 fxe6 14. Qh5 Nf8
15. Be5 Bd6 16. f4 Bxe5 17. fxe5 c5 18. Rad1 Qe7 19. Re3 c4 20. Bxh7+ Nxh7 21.
Rh3 g5 22. Qg6+ Kh8 23. Rxh7+ Qxh7 24. Qxe8+ Qg8 25. Qh5+ Qh7 26. Qxg5 Bd7 27.
Rf1 Rg8 28. Qf6+ Qg7 29. Ne2 Kh7 30. Qh4+ Qh6 31. Rf7+ Rg7 32. Rxg7+ Kxg7 33.
Qe7+ Kg6 34. Qf6+ Kh7 35. Qf7+ Qg7 36. Qh5+ Kg8 37. Nf4 Qh7 38. Qg5+ Qg7 39.
Qd8+ Kh7 40. Qh4+ Kg8 41. Nh5 Qg6 42. Nf6+ Kf7 43. Nxd7 Qxc2 44. Qf6+ Ke8 45.
Qxe6+ Kd8 46. h4 Qc1+ 47. Kh2 Qf4+ 48. Kh3 Qe3+ 49. g3 Qf3 50. Nf6 Qh1+ 51. Kg4
Qd1+ 52. Kg5 Qd2+ 53. Kg6 Qd3+ 54. Kg7 Qxg3+ 55. Kf8 Qxh4 56. Qd7# {Normal} 1-0

[Event "Rated Blitz game"]
[Site "?"]
[Date "2021.01.09"]
[Round "?"]
[White "vladlitus"]
[Black "SouthAfricanWolf"]
[Result "0-1"]
[WhiteElo "2404"]
[BlackElo "2493"]
[PlyCount "44"]
[EventDate "2021.??.??"]
[EventType "blitz"]
[TimeControl "180"]

1. e4 e5 2. Nc3 Nf6 3. Nf3 Nc6 4. Nxe5 Nxe5 5. d4 Nc6 6. d5 Ne5 7. f4 Ng6 8. e5
Ng8 9. d6 cxd6 10. exd6 Qb6 11. Qe2+ Kd8 12. Be3 Qxb2 13. Qc4 Qxa1+ 14. Kd2
Bxd6 15. g3 Qb2 16. Bg2 Nf6 17. Rb1 Qa3 18. Qxf7 Bb4 19. Rb3 Qa5 20. a3 Bxc3+
21. Rxc3 Re8 22. f5 Rxe3 {Normal} 0-1

[Event "Rated Blitz game"]
[Site "?"]
[Date "2021.01.09"]
[Round "?"]
[White "Koningsveld"]
[Black "solovaleaganar"]
[Result "0-1"]
[WhiteElo "2315"]
[BlackElo "2445"]
[PlyCount "48"]
[EventDate "2021.??.??"]
[EventType "blitz"]
[TimeControl "180+2"]

1. e4 e5 2. Nf3 Nc6 3. Nc3 Nf6 4. Nxe5 Nxe5 5. d4 Ng6 6. e5 Ng8 7. Bc4 c6 8.
Qf3 d5 9. exd6 Nf6 10. Qe2+ Kd7 11. d5 Bxd6 12. Be3 Kc7 13. dxc6 bxc6 14. O-O-O
Qe7 15. Rhe1 Re8 16. Qd2 Qf8 17. Bxf7 Rd8 18. Bxg6 hxg6 19. Qe2 Bf5 20. Qc4
Rab8 21. Bxa7 Rb4 22. Qa6 Ra8 23. Qa5+ Kb7 24. a3 Rxa7 {Time forfeit} 0-1

[Event "Rated Blitz game"]
[Site "?"]
[Date "2021.01.09"]
[Round "?"]
[White "vladlitus"]
[Black "stvngrnrt"]
[Result "0-1"]
[WhiteElo "2411"]
[BlackElo "2444"]
[PlyCount "98"]
[EventDate "2021.??.??"]
[EventType "blitz"]
[TimeControl "180"]

1. e4 e5 2. Nc3 Nf6 3. Nf3 Nc6 4. Nxe5 Nxe5 5. d4 Ng6 6. e5 Ng8 7. Bc4 Bb4 8.
Qf3 Qe7 9. O-O Bxc3 10. bxc3 Nh6 11. g3 O-O 12. Qg2 d6 13. Bxh6 gxh6 14. f4
dxe5 15. fxe5 Be6 16. Bb3 c6 17. Rf6 a5 18. Qd2 Kg7 19. a4 Rad8 20. Qe3 c5 21.
h4 c4 22. Ba2 h5 23. Qg5 Qd7 24. Qxh5 Qd5 25. Re1 b5 26. axb5 Bc8 27. Kh2 Bb7
28. Qe2 Qxb5 29. Bxc4 Qd7 30. Ref1 Bd5 31. Bd3 Kh8 32. h5 Ne7 33. c4 Be6 34. d5
Bg4 35. e6 Bxe2 36. exd7 Bxf1 37. Rxf1 Ng8 38. Bf5 Nf6 39. c5 Nxd7 40. c6 Nb6
41. c4 Nxc4 42. c7 Rxd5 43. c8=Q Rxc8 44. Bxc8 Rd2+ 45. Kh3 Ne3 46. Rxf7 Rd1
47. Kh4 Rh1+ 48. Kg5 h6+ 49. Kxh6 Kg8 {Time forfeit} 0-1

[Event "Rated Blitz game"]
[Site "?"]
[Date "2021.01.08"]
[Round "?"]
[White "sim13a"]
[Black "MasterAssasin123"]
[Result "0-1"]
[WhiteElo "2218"]
[BlackElo "2592"]
[PlyCount "96"]
[EventDate "2021.??.??"]
[EventType "blitz"]
[TimeControl "180"]

1. e4 e5 2. Nf3 Nc6 3. Nc3 Nf6 4. Nxe5 Nxe5 5. d4 Ng6 6. e5 Bb4 7. exf6 Qxf6 8.
Be3 O-O 9. Qd3 d5 10. O-O-O c6 11. a3 Bf5 12. Qd2 Ba5 13. Kb1 Qd6 14. h3 b5 15.
g4 Bd7 16. Bd3 Rab8 17. f4 f5 18. Rhg1 Bc7 19. Rdf1 a5 20. Ne2 b4 21. a4 Rbe8
22. Ng3 Ne7 23. Qe2 Bc8 24. b3 Qd8 25. Qh2 Bd6 26. Qe2 Qc7 27. Qf3 Rf7 28. Nh5
Ng6 29. g5 Rfe7 30. Bd2 Qa7 31. Bc1 Ba6 32. Bxa6 Qxa6 33. Ng3 Qc8 34. Rg2 Nh4
35. Qf2 Nxg2 36. Qxg2 Re1 37. Qf2 Rxf1 38. Qxf1 g6 39. Bd2 Kg7 40. Kc1 Qd7 41.
Qd1 Bc7 42. Qf3 Bb6 43. Be3 Qd6 44. Kd2 c5 45. Qf2 c4 46. Nf1 Qe6 47. Nh2 c3+
48. Kd1 Qxe3 {Normal} 0-1

[Event "Rated Blitz game"]
[Site "?"]
[Date "2021.01.08"]
[Round "?"]
[White "vovaches"]
[Black "Rudolf2008"]
[Result "1-0"]
[WhiteElo "2582"]
[BlackElo "2478"]
[PlyCount "101"]
[EventDate "2021.??.??"]
[EventType "blitz"]
[TimeControl "180"]

1. e4 e5 2. Nf3 Nc6 3. Nc3 Nf6 4. Nxe5 Nxe5 5. d4 Ng6 6. e5 Ng8 7. Bc4 d6 8.
Qf3 Be6 9. Qxb7 N8e7 10. Bb5+ Bd7 11. Bxd7+ Kxd7 12. Be3 Nc6 13. exd6 Bxd6 14.
d5 Nce5 15. O-O-O Qb8 16. Qa6 Qb4 17. Rd4 Qb6 18. Qa4+ Kd8 19. f4 Nd7 20. Re1
Bc5 21. Re4 Bxe3+ 22. R4xe3 Rb8 23. Qa3 Qc5 24. Qa6 Qb6 25. Qa3 Qb4 26. Qxb4
Rxb4 27. g3 Nf6 28. a3 Rb8 29. Ne4 Re8 30. Ng5 Rf8 31. f5 Nh8 32. c4 h6 33. Nf3
g6 34. Nd4 gxf5 35. Nc6+ Kc8 36. Nxb8 Kxb8 37. Rf1 Ng6 38. Rxf5 Ng4 39. Re2 f6
40. Re6 Rf7 41. h3 N4e5 42. Rfxf6 Rxf6 43. Rxf6 Kc8 44. h4 Kd7 45. h5 Ke7 46.
Rxg6 Nxg6 47. hxg6 Kf6 48. c5 Kxg6 49. d6 cxd6 50. c6 Kf7 51. c7 {Normal} 1-0

[Event "Rated Blitz game"]
[Site "?"]
[Date "2021.01.08"]
[Round "?"]
[White "Smetanov_N"]
[Black "morischwilli"]
[Result "0-1"]
[WhiteElo "2367"]
[BlackElo "2504"]
[PlyCount "58"]
[EventDate "2021.??.??"]
[EventType "blitz"]
[TimeControl "180+2"]

1. e4 e5 2. Nf3 Nc6 3. Nc3 Nf6 4. Nxe5 Nxe5 5. d4 Ng6 6. e5 Ng8 7. Bc4 d5 8.
Bxd5 Bb4 9. Qf3 Qe7 10. Bxb7 Bxb7 11. Qxb7 Rd8 12. Qxa7 c5 13. Qa4+ Qd7 14. Qb3
Qxd4 15. O-O N8e7 16. e6 O-O 17. exf7+ Rxf7 18. Be3 Qg4 19. h3 Qf5 20. Rad1 Rc8
21. Nd5 Nxd5 22. Rxd5 c4 23. Rxf5 cxb3 24. Rxf7 Kxf7 25. cxb3 Rc2 26. Rc1 Rxb2
27. Rc7+ Ne7 28. Rb7 Bd6 29. a4 Rb1+ {Normal} 0-1

[Event "Rated Blitz game"]
[Site "?"]
[Date "2021.01.07"]
[Round "?"]
[White "juan-carlos"]
[Black "lord_barre"]
[Result "0-1"]
[WhiteElo "2346"]
[BlackElo "2421"]
[PlyCount "76"]
[EventDate "2021.??.??"]
[EventType "blitz"]
[TimeControl "180"]

1. e4 e5 2. Nf3 Nc6 3. Nc3 Nf6 4. Nxe5 Nxe5 5. d4 Ng6 6. e5 Ng8 7. Bc4 d5 8.
Bxd5 c6 9. Bb3 Be6 10. O-O N8e7 11. f4 h5 12. Ne4 Nf5 13. c3 Be7 14. Ng5 Bxb3
15. Qxb3 Bxg5 16. fxg5 Qd7 17. Bd2 Nge7 18. Rae1 Nd5 19. Kh1 g6 20. c4 Nb6 21.
d5 cxd5 22. cxd5 Qxd5 23. Qc3 Rc8 24. Qb4 Qc5 25. e6 Qxb4 26. exf7+ Kxf7 27.
Bxb4 Rhe8 28. Rd1 Rcd8 29. Rc1 Re2 30. Ba5 Rd7 31. Bc3 Nd5 32. Bh8 h4 33. Rfd1
Nfe3 34. Rg1 Nf4 35. Rcf1 Nxf1 36. Rxf1 Re4 37. g3 hxg3 38. hxg3 Kg8 {Normal}
0-1

[Event "Rated Rapid game"]
[Site "?"]
[Date "2021.01.07"]
[Round "?"]
[White "Shooo_v2"]
[Black "AlvaroHorta25"]
[Result "1-0"]
[WhiteElo "2444"]
[BlackElo "2344"]
[PlyCount "63"]
[EventDate "2021.??.??"]
[EventType "rapid"]
[TimeControl "600"]

1. e4 e5 2. Nf3 Nc6 3. Nc3 Nf6 4. Nxe5 Nxe5 5. d4 Nc6 6. d5 Nb8 7. e5 Ng8 8. d6
cxd6 9. exd6 Qb6 10. Nb5 Kd8 11. Be3 Qa5+ 12. c3 b6 13. Be2 Bb7 14. O-O a6 15.
Bg5+ f6 16. b4 axb5 17. Bxf6+ Nxf6 18. bxa5 Rxa5 19. a4 bxa4 20. Rxa4 Rxa4 21.
Qxa4 Nc6 22. Rd1 Ne8 23. Qb3 Bxd6 24. Qxb6+ Kc8 25. Bg4 Bc7 26. Bxd7+ Kb8 27.
Qb2 Nd8 28. Rb1 Nd6 29. Qc2 g6 30. h4 Rf8 31. h5 Ne4 32. Qxe4 {Normal} 1-0

[Event "Rated Blitz game"]
[Site "?"]
[Date "2021.01.07"]
[Round "?"]
[White "Smetanov_N"]
[Black "morischwilli"]
[Result "1-0"]
[WhiteElo "2375"]
[BlackElo "2540"]
[PlyCount "97"]
[EventDate "2021.??.??"]
[EventType "blitz"]
[TimeControl "180+2"]

1. e4 e5 2. Nf3 Nc6 3. Nc3 Nf6 4. Nxe5 Nxe5 5. d4 Ng6 6. e5 Ng8 7. Bc4 d6 8.
Qf3 Qd7 9. h4 Qf5 10. Qe2 dxe5 11. h5 Nf4 12. Bxf4 Qxf4 13. Nd5 Qxd4 14. Nxc7+
Kd8 15. Rd1 Qxd1+ 16. Kxd1 Kxc7 17. Qxe5+ Bd6 18. Qxg7 Ne7 19. Bxf7 Bf5 20. Re1
Rad8 21. Kc1 Kb8 22. Rxe7 Bxe7 23. Qe5+ Bd6 24. Qxf5 h6 25. c3 Rhf8 26. Qg6
Bf4+ 27. Kc2 Bg5 28. f3 Rd2+ 29. Kb3 Rfd8 30. g4 a6 31. Qe4 Rf2 32. Bd5 Rd6 33.
Qe5 Kc7 34. c4 Bf6 35. Qe3 Rxb2+ 36. Ka3 b6 37. Qe8 Rd2 38. Qf7+ Kd8 39. Qf8+
Kd7 40. Qa8 Be7 41. Qb7+ Ke8 42. Ka4 Rxa2+ 43. Kb3 Ra3+ 44. Kb2 Ra5 45. Qc8+
Rd8 46. Qc6+ Kf8 47. Qxh6+ Ke8 48. Qg6+ Kd7 49. Qc6# {Normal} 1-0

[Event "Rated Blitz game"]
[Site "?"]
[Date "2021.01.07"]
[Round "?"]
[White "vladlitus"]
[Black "Arrubarena"]
[Result "0-1"]
[WhiteElo "2353"]
[BlackElo "2472"]
[PlyCount "88"]
[EventDate "2021.??.??"]
[EventType "blitz"]
[TimeControl "180"]

1. e4 e5 2. Nc3 Nc6 3. Nf3 Nf6 4. Nxe5 Nxe5 5. d4 Nc6 6. d5 Bb4 7. dxc6 Nxe4 8.
Qd4 Bxc3+ 9. bxc3 O-O 10. Be3 Re8 11. Bd3 Nf6 12. cxb7 Bxb7 13. O-O d6 14. Qh4
h6 15. Rab1 Bc6 16. Bd4 Ne4 17. Qxd8 Raxd8 18. Rfd1 Rb8 19. Rb3 Nc5 20. Bxc5
dxc5 21. f3 Rb6 22. Kf2 Reb8 23. Ra3 Rb2 24. Ra5 c4 25. Bxc4 Rxc2+ 26. Kg3 Rbb2
27. Rg1 Rxc3 28. Bb3 Bd7 29. Rxa7 Be6 30. Bxe6 fxe6 31. a4 Rcc2 32. a5 c5 33.
h4 c4 34. a6 c3 35. Ra8+ Kh7 36. a7 Ra2 37. h5 e5 38. Kg4 Rcb2 39. Kf5 c2 40.
Rc1 Rb5 41. Ke4 Rb4+ 42. Kd3 Rb1 43. Kd2 Rbb2 44. g4 g6 {Time forfeit} 0-1